Rhodesia; South Africa's sixth province (Record no. 56533)

MARC details
000 -LEADER
fixed length control field 00564nam a2200145 a 4500
008 - FIXED-LENGTH DATA ELEMENTS--GENERAL INFORMATION
fixed length control field 120416s1974 ||||||||||||||||| || u
050 ## - LIBRARY OF CONGRESS CALL NUMBER
Classification number DT 962.63 Spr
100 ## - MAIN ENTRY--PERSONAL NAME
Personal name Sprack, John
245 10 - TITLE STATEMENT
Title Rhodesia; South Africa's sixth province
246 ## - VARYING FORM OF TITLE
Title proper/short title an analysis of the links between South Africa and Rhodesia
260 ## - PUBLICATION, DISTRIBUTION, ETC.
Place of publication, distribution, etc. London
Name of publisher, distributor, etc. IDAF
Date of publication, distribution, etc. 1974
300 ## - PHYSICAL DESCRIPTION
Extent 87p. : ill.
350 ## - PRICE (NR) (BK AM CF MU VM SE) [OBSOLETE]
Price 0.00
995 ## - RECOMMENDATION 995 [LOCAL, UNIMARC FRANCE]
-- 0.00
-- CBU-MAIN LIBRARY (Kitwe)
-- 1
-- 55000.00
-- 1
-- AVAILABLE
-- Sep 20, 2006
-- Main Library Open Access Collection
Holdings
Withdrawn status Lost status Source of classification or shelving scheme Damaged status Not for loan Home library Current library Shelving location Date acquired Total Checkouts Full call number Barcode Date last seen Price effective from Koha item type
          CBU-MAIN LIBRARY, KITWE. CBU-MAIN LIBRARY, KITWE.   11/30/2022   DT 962.63 Spr 001049 11/30/2022 11/30/2022 MONOGRAPH